Stranger Things Characters- Sudden Death - Statistics

General Stats
  • This quiz has been taken 300 times
  • The average score is 10 of 15
Answers on the Grid
Answers color-coded by a green-red scale on the quiz's grid according to % correct below.
Joe Wilson
Jane Brown
Virginia Creel
Terri Bowman
Holly Wheeler
Jonathan Byers
Troy Walsh
Lucy Bimilda
Jim Hopper
William Fitzpatrick
Annette Bauman
Erica Sinclair
Patrick Johnston
Robin Buckley
Jack Wilmington
Justin Hamperton
Max Witherspoon
Fred Benson
Susana Burnham
Sam Owens
Max Mayfield
Tyler Rivers
Jason Carver
Eddie Munson
Steve Harrington
Jamie Smith
Dustin Henderson
Bo Myers
Garrett Walsh
Billy Hargrove
 
Answer Stats
Answer % Correct
Holly Wheeler
89%
Jim Hopper
88%
Jonathan Byers
86%
Erica Sinclair
82%
Robin Buckley
80%
Max Mayfield
76%
Steve Harrington
76%
Dustin Henderson
75%
Eddie Munson
75%
Billy Hargrove
73%
Virginia Creel
57%
Sam Owens
49%
Jason Carver
44%
Fred Benson
37%
Troy Walsh
26%
No matching quizzes found
Score Distribution
Percent of People with Each Score
Percentile by Number Answered
Your Score History
You have not taken this quiz